000 00914cam a22002411 4500
001 pa 58000060
003 DLC
005 20260227111854.0
008 870812s1958 dcua 000 0 eng c
010 _apa 58000060
035 _a(OCoLC)16438907
040 _aPan American Union. Library
_cOCoLC
_dOCoLC
_dDLC
042 _apremarc
050 0 0 _aHF144
_b.P3
110 2 _aPan American Union.
_bOffice of Statistics.
245 1 0 _aForeign trade of El Salvador, 1945-1956.
260 _aWashington,
_c1958.
300 _av, 54 p.
_btables.
_c27 cm.
490 1 _aPan American Union. International trade of the American States. Bulletin
_vno. 6
500 _aAt head of title: Organization of American States. Inter-American Economic and Social Council.
651 0 _aEl Salvador
_xCommerce.
810 2 _aPan American Union.
_bOffice of Statistics.
_tInternational trade of the American States.
_pBulletin
_vno. 6.
999 _c51375
_d51375